Stanovenie hodnoty športového klubu diplomová práca

Na minha lista:
Detalhes bibliográficos
Autor principal: Kíšik, Ján
Autor Corporativo: Fakulta podnikového manažmentu EU. Katedra podnikovohospodárska
Outros Autores: Kubica, Milan, 1958-
Formato: Livro
Idioma:eslovaco
Publicado em: Bratislava 2018
Tags: Adicionar Tag
Sem tags, seja o primeiro a adicionar uma tag!

MARC

LEADER 00000nbm a2200000 4500
001 0244904
005 20181004111758.7
041 0 |a slo 
044 |a SK 
245 1 0 |a Stanovenie hodnoty športového klubu  |b diplomová práca  |c Ján Kíšik ; školiteľ: Milan Kubica 
264 1 |a Bratislava  |c 2018 
300 |a 99 s. 
100 1 |a Kíšik, Ján 
700 1 |a Kubica, Milan, 1958- 
710 2 |a Fakulta podnikového manažmentu EU. Katedra podnikovohospodárska